Дело о пожалованиях в придворные чины и звания 6 декабря 1906 года

Доступно только в Электронных читальных залах Найти на картеНа карте
RUSMARC
00003553nmc2a22002413x 450
001d81159de-aca1-45c2-981f-ba8fa9c14e91
00520250128162007.0
100##$a20240917l19021906k l0rusy0189 ca
1010#$arus
102##$aRU
105##$ay###
1222#$ad
2001#$aДело о пожалованиях в придворные чины и звания 6 декабря 1906 года
$j23 декабря 1902 г. - декабрь 1906 г.
215##$a307 л.
$d36,5х26 см
251##$cДело
300##$aДело
371##$aДокумент не является опубликованным и широко распространяемым
461#0$100108cd6ec2-be9a-457f-a0b6-fa449e506316
$12001
$aКанцелярия Министерства Императорского двора
$1251
$cФонд
$1852
$j472
462#0$1001c2e143c2-e329-4f37-814e-59303ab74db5
$12001
$aКанцелярия Министерства Императорского двора
$1251
$cОпись
$1852
$j45
$l1906 г.
801#0$aRU
$bРГИА
$c20240917
$gRCR
801#1$aRU
$bГлавНИВЦ
$c20240917
$2rusmarc
801#2$aRU
$bПБ им. Б.Н. Ельцина
$c20250128
$gRCR
$2rusmarc
850##$aРГИА
852##$aРГИА
$eФедеральное казенное учреждение "Российский государственный исторический архив" (РГИА)
$j10
$lг
937##$hРГИА
$d12418724
$aASBIBLIO_SCAN
035##$aRusGRCC00081685
856##$uhttp://readingroom.main.prlib.ru/item.aspx?id_node=n195917675&mode=full
Формат отображения